000 nam a22 7a 4500
999 _c129532
_d129532
008 190430b xxu||||| |||| 00| 0 eng d
050 _aBV1475.2.B936
100 _aBullen, Anthony
_946157
245 _aParents, children and God
_c/ by Anthony Bullen
260 _aLondon:
_bFontana Books,
_c1972
300 _a156p. ;
_c18cm.
650 _aPrayer
_946158
942 _2lcc
_cMONOGRAPH